000 01706nas a2200253 4500
999 _c64129
_d64129
001 768714001
003 CO-MdFUSB
005 20171117110615.0
008 171117s2017 ck ||||| |||| 00| 0 spa d
022 _a0120-3649
040 _aCO-MdFUSB
_bspa
_cCO-MdFUSB
_dCO-MdFUSB
041 _aspa
100 _aSantamaría Rodríguez, Juan Esteban
_eautor
245 0 3 _aLa victimidad como "lugar teológico". Apropiación teologal desde Ignacio Ellacuría
_c/ Juan Esteban Santamaría Rodríguez
300 _aVolumen 67. Número 184 (2017), páginas 481-508
_c: 24 cm.
520 1 _aEl artículo identifica la “victimidad” como “lugar político” en el contexto del conflicto armado colombiano; y resalta la relevancia de dicha condición humana como “lugar teológico” y “lugar teologal” desde la propuesta de Ignacio Ellacuría. La importancia de la victimidad se comprende a partir del dinamismo intelectivo y sentiente como estructura humana de aprehensión, apropiación y transformación de la realidad por parte de las víctimas; también a partir de la significación del “lugar teológico” en su triple dimensión (lugar de la presencia histórica del Padre; mediación para la vivencia de la fe desde el seguimiento histórico de Jesús; y posibilidad para el “hacer teológico” en cuanto praxis teológica) y la implicación teologal para la fe cristiana y la praxis eclesial.
650 7 _9449
_aTeología de la liberación
653 _aVictimidad
653 _aLugar político
653 _aLugar teológico
653 _aLugar teologal
773 _049424
_976244
_gVolumen 67. Número 184 (2017), páginas -508
_qPágina 481
_tTheologica Xaveriana
942 _cANA